[Event "World Blitz 2023"]
[Site "Samarkand UZB"]
[Date "2023.12.29"]
[EventDate "2023.12.29"]
[Round "11.38"]
[Result "1/2-1/2"]
[White "Aleksey Grebnev"]
[Black "Conrad Holt"]
[WhiteElo "2404"]
[BlackElo "2592"]
[PlyCount "116"]

1. c4 c6 2. Nc3 d5 3. e3 Nf6 4. d4 e6 5. Nf3 Nbd7 6. Be2 dxc4 7. a4 Bd6 8.
Nd2 O-O 9. Nxc4 Bc7 10. b3 Nd5 11. Ne4 Qh4 12. Bf3 N7f6 13. g3 Qh6 14.
Nxf6+ Qxf6 15. Bg2 Rd8 16. O-O Nb6 17. Bb2 Nxc4 18. bxc4 e5 19. dxe5 Qe7
20. Qb3 Bxe5 21. Bxe5 Qxe5 22. Rad1 Re8 23. Rd4 Qc7 24. Rb1 Rb8 25. c5 Be6
26. Qc3 Red8 27. Rbd1 Rxd4 28. Qxd4 h6 29. h4 Qa5 30. Bf3 Bb3 31. Qf4 Rd8
32. Rb1 Qxa4 33. Qc7 Rf8 34. Qxb7 Bd5 35. Bxd5 cxd5 36. Qxd5 Qc2 37. Rb4 a5
38. Rc4 Qb3 39. Qd4 Rc8 40. c6 Qb1+ 41. Kh2 Qf5 42. Kg2 Qe6 43. Qd7 a4 44.
Qxe6 fxe6 45. Rxa4 Rxc6 46. h5 Rc5 47. g4 Kf7 48. Rf4+ Ke7 49. Kg3 Ra5 50.
Rb4 Ra2 51. f3 Kf7 52. Rb5 Kf6 53. Kf4 Ra4+ 54. e4 Rc4 55. Kg3 Ra4 56. e5+
Kf7 57. Rb7+ Kf8 58. Rb3 Ra5 1/2-1/2

[Event "World Blitz 2023"]
[Site "Samarkand UZB"]
[Date "2023.12.29"]
[EventDate "2023.12.29"]
[Round "11.39"]
[Result "1/2-1/2"]
[White "Vadim Zvjaginsev"]
[Black "Artem Pingin"]
[WhiteElo "2570"]
[BlackElo "2358"]
[PlyCount "130"]

1. d4 Nf6 2. c4 e6 3. Nc3 d5 4. Bg5 Nbd7 5. e3 c6 6. a3 Be7 7. Nf3 h6 8.
Bh4 O-O 9. Rc1 b6 10. cxd5 Nxd5 11. Bxe7 Nxe7 12. Bd3 Bb7 13. O-O c5 14.
Be4 Qb8 15. dxc5 Nxc5 16. Bxb7 Qxb7 17. b4 Rfd8 18. Qc2 Nd7 19. Qe4 Qa6 20.
a4 Nf6 21. Qb1 Ned5 22. Nb5 Qxa4 23. Nbd4 Qxb4 24. Qa1 Qd6 25. Rfd1 a5 26.
h3 Rdc8 27. Nb5 Qd7 28. Rb1 Rc5 29. Ne5 Qe7 30. Qd4 Rac8 31. e4 Nf4 32. Re1
Ne8 33. Nf3 Rd8 34. Qe3 Ng6 35. e5 Nc7 36. Nd6 Nd5 37. Qa3 Nxe5 38. Nxe5
Qxd6 39. Qf3 Qe7 40. Red1 Nf6 41. Rxd8+ Qxd8 42. Rd1 Rd5 43. Re1 Qc7 44.
Qe3 a4 45. Nf3 b5 46. Rc1 Qd7 47. Kh2 b4 48. Ne5 Qd6 49. f4 g6 50. Rc8+ Kg7
51. Qa7 Nd7 52. Rd8 Qb6 53. Rxd7 Qxa7 54. Rxa7 a3 55. Rxf7+ Kg8 56. Ra7 Rc5
57. Nd3 Rc4 58. Kg1 Rd4 59. Nc5 Rxf4 60. Nxe6 Re4 61. Nc5 Rc4 62. Nd3 Rd4
63. Nxb4 Rxb4 64. Rxa3 h5 65. Kh2 1/2-1/2

[Event "World Blitz 2023"]
[Site "Samarkand UZB"]
[Date "2023.12.29"]
[EventDate "2023.12.29"]
[Round "11.40"]
[Result "0-1"]
[White "Emin Ohanyan"]
[Black "Ter-Sahakyan, Samvel"]
[WhiteElo "2387"]
[BlackElo "2556"]
[PlyCount "112"]

1. d4 Nf6 2. c4 e6 3. Nf3 Bb4+ 4. Bd2 Qe7 5. g3 Bxd2+ 6. Qxd2 Nc6 7. a3 d5
8. Bg2 O-O 9. O-O dxc4 10. Qc3 Rd8 11. Nbd2 Nd5 12. Qxc4 e5 13. dxe5 Nxe5
14. Nxe5 Qxe5 15. Nf3 Qe7 16. Rfd1 c6 17. Rac1 Be6 18. Qc2 Nb6 19. Nd4 g6
20. Nxe6 Qxe6 21. e3 h5 22. h4 Qf6 23. b4 Rxd1+ 24. Rxd1 Rd8 25. Rxd8+ Qxd8
26. a4 Qd6 27. a5 Nd7 28. a6 bxa6 29. Qxc6 Qxc6 30. Bxc6 Ne5 31. Be4 f5 32.
Bb7 Nd3 33. Bxa6 Nxb4 34. Bc4+ Kg7 35. Kf1 Kf6 36. Ke2 Nc6 37. Bb3 a5 38.
Kd3 Ne5+ 39. Kd4 Ng4 40. f3 Nh2 41. Bd5 Nf1 42. e4 fxe4 43. fxe4 Nxg3 44.
e5+ Ke7 45. Ke3 Nf5+ 46. Kf4 Nd4 47. Kg5 Ne6+ 48. Kh6 a4 49. Ba2 a3 50. Bc4
Nf8 51. Kg7 Nd7 52. e6 Ne5 53. Ba2 g5 54. hxg5 h4 55. g6 h3 56. Kh7 Nxg6
0-1

[Event "World Blitz 2023"]
[Site "Samarkand UZB"]
[Date "2023.12.29"]
[EventDate "2023.12.29"]
[Round "11.41"]
[Result "1-0"]
[White "Cem Kaan Gokerkan"]
[Black "Chongsheng Zeng"]
[WhiteElo "2365"]
[BlackElo "2504"]
[PlyCount "128"]

1. e4 c5 2. c3 Nf6 3. e5 Nd5 4. d4 cxd4 5. Bc4 Nb6 6. Bb3 d6 7. Nf3 Nc6 8.
exd6 Qxd6 9. O-O g6 10. Ng5 e6 11. Qf3 Ne5 12. Qf6 Rg8 13. Ne4 Qc7 14. Bf4
Nbd7 15. Ba4 Bg7 16. Qh4 Kf8 17. cxd4 g5 18. Nxg5 Ng6 19. Bxc7 Nxh4 20. Bg3
Nf5 21. Nf3 a6 22. Nc3 b5 23. Bc2 Nxg3 24. hxg3 Bb7 25. Bxh7 Rh8 26. Be4
Bxe4 27. Nxe4 Rc8 28. Rac1 Ke7 29. g4 Nb6 30. b3 Nd5 31. Rc5 Nf4 32. g3 Nd3
33. Rg5 Bh6 34. Rh5 Rc2 35. Rd1 Nb4 36. a4 Nd5 37. axb5 axb5 38. g5 Bg7 39.
Rxh8 Bxh8 40. Ra1 Rb2 41. Ra7+ Kf8 42. Nd6 Rxb3 43. Rxf7+ Kg8 44. Ne5 Rb4
45. Nc6 Rb1+ 46. Kg2 Rc1 47. Ne7+ Nxe7 48. Rxe7 Bxd4 49. Nxb5 Bc5 50. Rxe6
Rc2 51. Rf6 Kg7 52. Nd6 Kg8 53. Ne4 Bd4 54. Rd6 Be5 55. Rd7 Re2 56. Kf3 Ra2
57. Kg4 Ra5 58. f4 Bg7 59. Nf6+ Kf8 60. Nd5 Ra3 61. Nc7 Kg8 62. Ne6 Bc3 63.
g6 Ba5 64. Ra7 1-0

[Event "World Blitz 2023"]
[Site "Samarkand UZB"]
[Date "2023.12.29"]
[EventDate "2023.12.29"]
[Round "11.42"]
[Result "1-0"]
[White "Ediz Gurel"]
[Black "Elham Amar"]
[WhiteElo "2359"]
[BlackElo "2470"]
[PlyCount "136"]

1. e4 c6 2. d4 d5 3. Nc3 dxe4 4. Nxe4 Nf6 5. Nxf6+ exf6 6. c3 Bd6 7. Bd3
O-O 8. Qc2 Re8+ 9. Ne2 h5 10. O-O h4 11. h3 Nd7 12. Bd2 Nf8 13. Rae1 Bc7
14. Nf4 Be6 15. Qd1 Bxf4 16. Bxf4 Ng6 17. Bd2 Qd7 18. Qh5 Bxa2 19. f4 Rxe1
20. Rxe1 Re8 21. Rxe8+ Qxe8 22. f5 Nf8 23. Qxh4 b5 24. Qg3 Kh7 25. Bf4 Bd5
26. h4 Bc4 27. Bxc4 bxc4 28. h5 Qe2 29. h6 Qd1+ 30. Kf2 Qc2+ 31. Kg1 Qd1+
32. Kf2 g5 33. Bxg5 Qc2+ 34. Kg1 Qxf5 35. Be3 Ne6 36. Qd6 Qe4 37. Qg3 Qb1+
38. Kh2 Qf5 39. Qd6 Qh5+ 40. Kg1 Qd1+ 41. Kh2 Qh5+ 42. Kg1 Qd1+ 43. Kf2
Qc2+ 44. Kg3 Qe4 45. Kf2 Qc2+ 46. Kg3 Qe4 47. Kf2 a5 48. Qd7 Qf5+ 49. Kg1
Qb1+ 50. Kh2 Qg6 51. Qxc6 Qh5+ 52. Kg3 Qg6+ 53. Kf2 Qc2+ 54. Kf3 Qf5+ 55.
Kg3 Qg6+ 56. Kh4 f5 57. Qf3 a4 58. d5 Qf6+ 59. Kg3 Qe5+ 60. Kf2 Nf8 61. Bd4
Qe4 62. Qxe4 fxe4 63. Ke3 f5 64. Kf4 Kg6 65. Ke5 Nd7+ 66. Ke6 Nb8 67. g3
Kh7 68. Kxf5 1-0

[Event "World Blitz 2023"]
[Site "Samarkand UZB"]
[Date "2023.12.29"]
[EventDate "2023.12.29"]
[Round "11.43"]
[Result "1-0"]
[White "Mukhiddin Madaminov"]
[Black "Sumiya Chinguun"]
[WhiteElo "2460"]
[BlackElo "2200"]
[PlyCount "90"]

1. e4 c5 2. Nf3 e6 3. d4 cxd4 4. Nxd4 a6 5. Nc3 Qc7 6. g3 d6 7. Bg2 Nf6 8.
O-O Be7 9. Re1 Nc6 10. Nxc6 bxc6 11. e5 dxe5 12. Rxe5 O-O 13. Re1 Bb7 14.
Qe2 c5 15. Bf4 Qb6 16. Na4 Qa7 17. c4 Bxg2 18. Kxg2 Qb7+ 19. Qf3 Qb4 20. b3
Rfd8 21. Rad1 h6 22. Bc7 Re8 23. Re2 Rac8 24. Be5 Red8 25. Bc3 Qb8 26. Red2
Rxd2 27. Rxd2 Qa8 28. Qxa8 Rxa8 29. Bxf6 gxf6 30. Rd7 Kf8 31. Kf3 Ke8 32.
Rb7 Rd8 33. Ke2 Rd7 34. Rb6 Rd6 35. Rb8+ Rd8 36. Rxd8+ Kxd8 37. g4 Kc7 38.
Nb2 Kd6 39. Nd3 e5 40. Kf3 Ke6 41. Ke4 Bf8 42. h3 h5 43. f3 Be7 44. Ne1 Bf8
45. Ng2 hxg4 1-0

[Event "World Blitz 2023"]
[Site "Samarkand UZB"]
[Date "2023.12.29"]
[EventDate "2023.12.29"]
[Round "11.44"]
[Result "1-0"]
[White "Mukhammadzokhid Suyarov"]
[Black "David Akhmedov"]
[WhiteElo "2449"]
[BlackElo "2154"]
[PlyCount "60"]

1. d4 Nf6 2. Nc3 d5 3. Bf4 a6 4. e3 c5 5. dxc5 Qa5 6. Nf3 Qxc5 7. Be2 e6 8.
O-O Nc6 9. h3 Be7 10. a3 O-O 11. Nd4 Qb6 12. Na4 Qd8 13. Nxc6 bxc6 14. c4
a5 15. Rc1 Ba6 16. Qc2 Nd7 17. Rfd1 Nb6 18. Nxb6 Qxb6 19. Be5 f6 20. Bd4
Qb7 21. cxd5 cxd5 22. Bxa6 Rxa6 23. Qa4 Rc8 24. Rxc8+ Qxc8 25. Bc3 Qb7 26.
Qg4 a4 27. h4 Qb5 28. h5 Qb3 29. Rd4 e5 30. Qc8+ Kf7 1-0

[Event "World Blitz 2023"]
[Site "Samarkand UZB"]
[Date "2023.12.29"]
[EventDate "2023.12.29"]
[Round "11.45"]
[Result "0-1"]
[White "Bobir Sattarov"]
[Black "Gabriel Gaehwiler"]
[WhiteElo "2351"]
[BlackElo "2448"]
[PlyCount "94"]

1. e4 c5 2. Nf3 d6 3. d4 cxd4 4. Nxd4 Nf6 5. f3 g6 6. Nc3 Nc6 7. Be3 Bg7 8.
Qd2 h5 9. Bc4 Nxd4 10. Bxd4 Be6 11. Bb5+ Bd7 12. Bxd7+ Qxd7 13. Nd5 e5 14.
Nxf6+ Bxf6 15. Be3 Qc6 16. Rd1 Be7 17. O-O O-O 18. Rf2 a6 19. Qd3 b5 20.
Rfd2 Rac8 21. c3 f5 22. exf5 Rxf5 23. Qc2 Rcf8 24. Rd5 Kh7 25. Qe4 Qc7 26.
a4 bxa4 27. Qxa4 Qb7 28. R1d2 Rc8 29. Qe4 Qc7 30. Qd3 Qb7 31. Ra5 Rc6 32.
Qe4 Qc7 33. Ra2 a5 34. Rd5 Rc4 35. Qc2 e4 36. fxe4 Rxd5 37. exd5 Bf6 38.
Ra1 Qe7 39. Qd3 Re4 40. Bf2 Re2 41. h3 Rxb2 42. Rxa5 Rb7 43. Ra1 Qe5 44.
Rc1 Rb2 45. c4 Qg5 46. Rf1 Be5 47. Be1 Qxg2# 0-1

[Event "World Blitz 2023"]
[Site "Samarkand UZB"]
[Date "2023.12.29"]
[EventDate "2023.12.29"]
[Round "11.46"]
[Result "1-0"]
[White "Lev Zverev"]
[Black "Mamikon Gharibyan"]
[WhiteElo "2299"]
[BlackElo "2444"]
[PlyCount "86"]

1. e4 e5 2. Nf3 Nc6 3. Bc4 Bc5 4. d3 Nf6 5. O-O d6 6. c3 a5 7. Bb3 h6 8.
Be3 Bxe3 9. fxe3 O-O 10. Nbd2 Nh7 11. Qe1 a4 12. Bc2 Ne7 13. d4 Ng6 14. Qg3
Qe7 15. b3 Bd7 16. Nc4 b5 17. Nb2 c5 18. Nd3 cxd4 19. exd4 Rfe8 20. bxa4
bxa4 21. Rab1 Be6 22. a3 Ng5 23. Nxg5 hxg5 24. Kh1 Bc4 25. Rb4 Bxd3 26.
Bxd3 Nf4 27. Bc4 exd4 28. cxd4 Ra5 29. h4 d5 30. exd5 Nh5 31. Qf3 Nf6 32.
hxg5 Ne4 33. g6 Qh4+ 34. Kg1 fxg6 35. Qf7+ Kh7 36. Qxe8 Ng3 37. Rb8 Qxd4+
38. Rf2 Qd1+ 39. Kh2 Qh5+ 40. Kxg3 Qg5+ 41. Kh2 Qh6+ 42. Kg1 Qc1+ 43. Bf1
1-0

[Event "World Blitz 2023"]
[Site "Samarkand UZB"]
[Date "2023.12.29"]
[EventDate "2023.12.29"]
[Round "11.47"]
[Result "1-0"]
[White "Almas Rakhmatullaev"]
[Black "Andrey Gorovets"]
[WhiteElo "2218"]
[BlackElo "2418"]
[PlyCount "132"]

1. e4 c5 2. Nf3 Nc6 3. Bb5 Nf6 4. Qe2 Qc7 5. O-O e6 6. c3 a6 7. Ba4 b5 8.
Bc2 Bb7 9. a3 c4 10. d4 cxd3 11. Bxd3 Bd6 12. Nbd2 g5 13. Nxg5 Bxh2+ 14.
Kh1 Bf4 15. Nh3 Bd6 16. f4 Be7 17. e5 Nd5 18. Ne4 Rg8 19. Bd2 f5 20. Qh5+
Kd8 21. Qxh7 Re8 22. Neg5 Kc8 23. a4 bxa4 24. Be2 Kb8 25. Bf3 Nb6 26. Be3
Nc4 27. Bg1 Nxb2 28. Rfb1 a3 29. Be3 a5 30. Bc1 a4 31. Qg6 Rc8 32. Be3 Ra5
33. Qf7 Qd8 34. Bf2 Qf8 35. Qh7 Rb5 36. c4 Rb3 37. Bd1 Qg8 38. Qh5 Rb4 39.
Bf3 Na5 40. Bxb7 Kxb7 41. Qf3+ Rc6 42. Qxa3 Naxc4 43. Qf3 Kc7 44. Bg1 Qb8
45. Nf7 Qb5 46. Qf2 Bc5 47. Qh4 Bxg1 48. Qd8+ Kb7 49. Qxd7+ Rc7 50. Nd8+
Kb6 51. Qxe6+ Ka5 52. Rxg1 Qc5 53. Rgc1 Rh7 54. Rc3 Rb6 55. Qxf5 Rxh3+ 56.
Qxh3 Qf8 57. Ne6 Qe7 58. f5 Kb4 59. Rac1 Rc6 60. Qf3 Rc8 61. g3 Qa7 62. Kg2
a3 63. Rb3+ Ka4 64. Rxa3+ Nxa3 65. Rxc8 Qd7 66. Qc6+ 1-0

[Event "World Blitz 2023"]
[Site "Samarkand UZB"]
[Date "2023.12.29"]
[EventDate "2023.12.29"]
[Round "11.48"]
[Result "0-1"]
[White "Abdumajid Botiraliev"]
[Black "Sumiya Bilguun"]
[WhiteElo "1515"]
[BlackElo "2407"]
[PlyCount "62"]

1. e4 c5 2. Nf3 e6 3. d4 cxd4 4. Nxd4 a6 5. g3 b5 6. Bg2 Bb7 7. O-O Nc6 8.
Nc3 Nxd4 9. Qxd4 Ne7 10. Bg5 Nc6 11. Qd2 Be7 12. Bxe7 Qxe7 13. Rad1 Rd8 14.
Nd5 Qc5 15. Rfe1 O-O 16. Nf4 Ne5 17. Nd3 Nxd3 18. cxd3 d5 19. d4 Qb6 20. e5
Rc8 21. Rc1 Rc4 22. b3 Qxd4 23. Qg5 Rxc1 24. Rxc1 f6 25. exf6 Qxf6 26. Qe3
d4 27. Qe2 Bxg2 28. Kxg2 e5 29. Re1 e4 30. Rf1 Qf5 31. f3 0-1

[Event "World Blitz 2023"]
[Site "Samarkand UZB"]
[Date "2023.12.29"]
[EventDate "2023.12.29"]
[Round "11.49"]
[Result "0-1"]
[White "Haowen Xue"]
[Black "Iturrizaga Bonelli, Eduardo"]
[WhiteElo "2155"]
[BlackElo "2645"]
[PlyCount "86"]

1. c4 c5 2. Nf3 g6 3. e3 Bg7 4. d4 Nf6 5. Nc3 O-O 6. d5 e6 7. h3 exd5 8.
cxd5 d6 9. Bd3 a6 10. a4 Nbd7 11. O-O Ne8 12. e4 Nc7 13. Bg5 f6 14. Bh4 Rb8
15. a5 Qe8 16. Re1 b5 17. axb6 Rxb6 18. Ra2 Rb4 19. Bf1 Ne5 20. Bg3 Qe7 21.
Nd2 g5 22. b3 Nb5 23. Nxb5 axb5 24. Nb1 Rd4 25. Qe2 b4 26. Bxe5 fxe5 27.
Nd2 Qf7 28. Nf3 Qg6 29. Ra8 h5 30. Nxd4 exd4 31. g3 Kh7 32. e5 dxe5 33. Bg2
d3 34. Qe3 Bf5 35. Rxf8 Bxf8 36. Qxe5 Bg7 37. g4 Bxe5 38. Rxe5 hxg4 39.
hxg4 d2 40. Bf3 Bc2 41. Re7+ Kg8 42. Re6 Qxe6 43. dxe6 d1=Q+ 0-1

[Event "World Blitz 2023"]
[Site "Samarkand UZB"]
[Date "2023.12.29"]
[EventDate "2023.12.29"]
[Round "11.50"]
[Result "1-0"]
[White "Arystanbek Urazayev"]
[Black "Sabino Brunello"]
[WhiteElo "2408"]
[BlackElo "2573"]
[PlyCount "112"]

1. e4 e5 2. Nf3 Nc6 3. Bb5 a6 4. Ba4 Nf6 5. d3 d6 6. c4 Nd7 7. Nc3 Nb6 8.
Bc2 Nb4 9. Bb1 c5 10. O-O Be7 11. Be3 O-O 12. Nd5 N4xd5 13. cxd5 f5 14. Qb3
f4 15. Bd2 Nd7 16. Bc3 Rf7 17. a4 g5 18. Ba2 Bf6 19. Nd2 b5 20. axb5 axb5
21. Qxb5 Ba6 22. Qc6 Bxd3 23. Bc4 Rc8 24. Bxd3 Rxc6 25. dxc6 Nb8 26. Ra8
Qb6 27. Bc4 Kg7 28. Bxf7 Kxf7 29. Ba5 Qxc6 30. Rxb8 d5 31. exd5 Qxd5 32.
Re1 g4 33. Ne4 Be7 34. Bc3 f3 35. g3 h5 36. Rh8 Kg6 37. Re8 Kf7 38. Rc8 Kg6
39. Rb8 Kf7 40. Rb6 Qd8 41. Rh6 Qd3 42. Bxe5 c4 43. Bc3 Bd8 44. Rh7+ Kg6
45. Rg7+ Kh6 46. Rb7 Kg6 47. Rg7+ Kh6 48. Rg8 Bb6 49. Rc8 Kh7 50. Rc6 Bd4
51. Bxd4 Qxd4 52. Ng5+ Kh8 53. Re8+ Kg7 54. Re7+ Kf8 55. Rf7+ Ke8 56. Rc8+
1-0

[Event "World Blitz 2023"]
[Site "Samarkand UZB"]
[Date "2023.12.29"]
[EventDate "2023.12.29"]
[Round "11.51"]
[Result "0-1"]
[White "Zhandos Agmanov"]
[Black "Timur Gareyev"]
[WhiteElo "2407"]
[BlackElo "2569"]
[PlyCount "84"]

1. e4 e5 2. Nf3 Nc6 3. Bb5 a6 4. Ba4 d6 5. O-O Bd7 6. c3 g5 7. d4 g4 8. Ne1
h5 9. Be3 Bh6 10. Qd2 Na5 11. Bxd7+ Qxd7 12. b3 Nc6 13. f4 gxf3 14. Nxf3
Qg4 15. Bxh6 Nxh6 16. Qe3 f5 17. h3 Qxe4 18. Qg5 Nf7 19. Qg7 Qe3+ 20. Kh1
Qh6 21. Qxh6 Nxh6 22. dxe5 dxe5 23. Nbd2 O-O-O 24. Nc4 Nf7 25. Rae1 Rhe8
26. Nh4 f4 27. Nf5 b5 28. Na3 Rd2 29. Ng7 Rg8 30. Nxh5 Rgxg2 31. Rf3 Ng5
32. Rd3 Rh2+ 33. Kg1 Rxa2 34. Nb1 Nxh3+ 35. Rxh3 Rxh3 36. Nf6 Rg3+ 37. Kh1
Rh3+ 38. Kg1 Kb7 39. Ne4 Re3 40. Kf1 Rxe1+ 41. Kxe1 Ra1 42. Nd2 e4 0-1

[Event "World Blitz 2023"]
[Site "Samarkand UZB"]
[Date "2023.12.29"]
[EventDate "2023.12.29"]
[Round "11.52"]
[Result "0-1"]
[White "Alisher Suleymenov"]
[Black "Henriquez Villagra, Cristobal"]
[WhiteElo "2326"]
[BlackElo "2568"]
[PlyCount "76"]

1. d4 Nf6 2. c4 g6 3. Nc3 Bg7 4. e4 d6 5. Nf3 O-O 6. Be2 Na6 7. O-O e5 8.
Re1 Bg4 9. Be3 exd4 10. Bxd4 Bxf3 11. Bxf3 Re8 12. a3 c6 13. Rc1 Nc5 14. b4
Ne6 15. Be3 a6 16. Qd2 h5 17. h3 Nh7 18. Bd1 a5 19. Bb3 axb4 20. axb4 c5
21. Ne2 Ra3 22. Rb1 Nf6 23. Qc2 cxb4 24. Bd2 Nc5 25. f3 Qb6 26. Kh1 h4 27.
Red1 Nh5 28. Be1 Nxb3 29. Rxb3 Rxb3 30. Qxb3 Ra8 31. Bxh4 Ra3 32. Qb1 b3
33. Be1 b2 34. Qc2 Ra1 35. Rb1 Qb3 36. Qxb3 Rxb1 37. Kh2 Rxe1 38. Nc3 Bxc3
0-1

[Event "World Blitz 2023"]
[Site "Samarkand UZB"]
[Date "2023.12.29"]
[EventDate "2023.12.29"]
[Round "11.53"]
[Result "1/2-1/2"]
[White "Sinisa Drazic"]
[Black "Anton Demchenko"]
[WhiteElo "2276"]
[BlackElo "2545"]
[PlyCount "138"]

1. d4 Nf6 2. Bg5 g6 3. Bxf6 exf6 4. e3 d5 5. c4 dxc4 6. Bxc4 Bd6 7. Nc3 c6
8. Nf3 O-O 9. Qc2 Qe7 10. a3 Kg7 11. h3 Nd7 12. Qe4 Qd8 13. O-O Re8 14. Qd3
Qe7 15. e4 Nb6 16. Bb3 Be6 17. Bxe6 Qxe6 18. Rfe1 Rad8 19. Rad1 Qb3 20. Nd2
Qe6 21. Nf3 Bb8 22. Qc2 h5 23. Re2 Qe7 24. h4 Qe6 25. d5 Qg4 26. dxc6 bxc6
27. Rxd8 Rxd8 28. Rd2 Re8 29. Qd3 Bc7 30. Qa6 Re7 31. a4 f5 32. exf5 Qxf5
33. Qd3 Qg4 34. b3 Rd7 35. Qc2 Rxd2 36. Qxd2 Qe6 37. Qc2 Qd6 38. g3 Nd5 39.
Nxd5 Qxd5 40. Qc3+ Kg8 41. Kf1 Bb6 42. Ke2 Qe6+ 43. Kf1 Qd6 44. Ng5 Qd5 45.
Qf3 Kf8 46. Kg2 Ke7 47. Qe4+ Kf8 48. Qf3 Bd4 49. Kf1 Ke7 50. Qe2+ Kd7 51.
Qd3 c5 52. Nf3 Kc7 53. Nd2 Qh1+ 54. Ke2 Qd5 55. Nc4 Qe6+ 56. Kf1 Qf6 57.
Qe2 Qf5 58. Kg2 Qd5+ 59. Qf3 Qe6 60. Qa8 Qc6+ 61. Qxc6+ Kxc6 62. f4 Kd5 63.
Kf3 Bg7 64. Ke3 Bd4+ 65. Kf3 a6 66. Nb6+ Kc6 67. Nc4 Kd5 68. Nb6+ Kc6 69.
Nc4 Kd5 1/2-1/2

[Event "World Blitz 2023"]
[Site "Samarkand UZB"]
[Date "2023.12.29"]
[EventDate "2023.12.29"]
[Round "11.54"]
[Result "1-0"]
[White "Boris Savchenko"]
[Black "Raymond Song"]
[WhiteElo "2513"]
[BlackElo "2383"]
[PlyCount "54"]

1. d4 Nf6 2. Nf3 d5 3. c4 e6 4. Nc3 Bb4 5. Qb3 c5 6. a3 Bxc3+ 7. bxc3 Nc6
8. cxd5 exd5 9. Bg5 O-O 10. e3 h6 11. Bxf6 Qxf6 12. Qxd5 cxd4 13. cxd4 Rd8
14. Qb5 Bg4 15. Be2 Bxf3 16. Bxf3 Rxd4 17. Qxb7 Rdd8 18. O-O Ne5 19. Qxa8
Rxa8 20. Bxa8 a5 21. Bd5 Nd3 22. Rad1 Qc3 23. a4 g6 24. Be4 Nc5 25. Rd4 Kg7
26. Bd5 Qc2 27. Rc4 1-0

[Event "World Blitz 2023"]
[Site "Samarkand UZB"]
[Date "2023.12.29"]
[EventDate "2023.12.29"]
[Round "11.55"]
[Result "1-0"]
[White "Roman Kezin"]
[Black "Ortik Nigmatov"]
[WhiteElo "2492"]
[BlackElo "2382"]
[PlyCount "84"]

1. d4 Nf6 2. c4 g6 3. g3 Bg7 4. Bg2 O-O 5. Nc3 d6 6. Nf3 c6 7. O-O Bf5 8.
Re1 Ne4 9. Qb3 Nxc3 10. bxc3 Bc8 11. e4 c5 12. e5 Nc6 13. exd6 exd6 14. Bg5
Qc7 15. dxc5 dxc5 16. Bf4 Qb6 17. Ne5 Nxe5 18. Bxe5 Be6 19. Bxb7 Rad8 20.
Bxg7 Kxg7 21. Bd5 Bxd5 22. cxd5 Qf6 23. Qc4 Qd6 24. Rad1 Rb8 25. Re2 Rfd8
26. h4 h5 27. Kg2 Rd7 28. Kf3 Rb6 29. Qf4 Qf8 30. Kg2 Kh7 31. c4 Qg7 32.
Re8 Rf6 33. Qe5 a5 34. Re1 a4 35. Re7 Rxe7 36. Qxe7 Rf5 37. Re2 Qd4 38. d6
Qxc4 39. d7 Rd5 40. Qxf7+ Kh6 41. Qf8+ Kh7 42. Re7# 1-0

[Event "World Blitz 2023"]
[Site "Samarkand UZB"]
[Date "2023.12.29"]
[EventDate "2023.12.29"]
[Round "11.56"]
[Result "0-1"]
[White "Sandipan Chanda"]
[Black "Akmal Fayzullaev"]
[WhiteElo "2490"]
[BlackElo "2342"]
[PlyCount "78"]

1. d3 Nf6 2. f4 d5 3. Nf3 g6 4. g3 Bg7 5. Bg2 O-O 6. O-O b6 7. e4 dxe4 8.
Ng5 Bb7 9. Nxe4 Nxe4 10. dxe4 e5 11. c3 Nd7 12. f5 Nf6 13. Qe2 a5 14. Rd1
Qe7 15. Bg5 Qc5+ 16. Kh1 Rad8 17. Nd2 h6 18. Be3 Qc6 19. Rf1 Rd7 20. Rf2
Rfd8 21. Raf1 g5 22. h4 g4 23. Re1 Rd3 24. Kh2 Ba6 25. Qd1 Qd7 26. Bf1 Nxe4
27. Bxd3 Qxd3 28. Rg2 Nf6 29. Qb1 Qd5 30. c4 Qc6 31. b3 Bb7 32. Rf2 Bf8 33.
Qc2 Bb4 34. Rd1 Qd7 35. Bxh6 Ne4 36. Re2 Nc3 37. Rxe5 Nxd1 38. f6 Bxd2 39.
Qxd1 Bxh6 0-1

[Event "World Blitz 2023"]
[Site "Samarkand UZB"]
[Date "2023.12.29"]
[EventDate "2023.12.29"]
[Round "11.57"]
[Result "0-1"]
[White "Victor Bologan"]
[Black "Daniyal Sapenov"]
[WhiteElo "2489"]
[BlackElo "2289"]
[PlyCount "104"]

1. e4 c5 2. Nf3 d6 3. Bb5+ Bd7 4. Bxd7+ Qxd7 5. c4 Nc6 6. d4 cxd4 7. Nxd4
Nf6 8. Nc3 g6 9. f3 Bg7 10. Be3 O-O 11. O-O Rac8 12. b3 a6 13. a4 e6 14.
Nde2 Qc7 15. Qd2 Rfd8 16. Rfd1 Qa5 17. Rab1 Qb4 18. Bg5 Rd7 19. Bh4 h6 20.
h3 g5 21. Bf2 Rcd8 22. Qc2 d5 23. exd5 exd5 24. c5 d4 25. Na2 Qa5 26. b4
Qc7 27. Rd3 Nh5 28. b5 axb5 29. axb5 Ne5 30. Rxd4 Rxd4 31. Nxd4 Rxd4 32.
Bxd4 Nxf3+ 33. gxf3 Bxd4+ 34. Kh1 Ng3+ 35. Kg2 Nh5 36. Kh1 Ng3+ 37. Kg2 Nh5
38. Kh1 Qf4 39. Qg2 Ng3+ 40. Kh2 Nf1+ 41. Kh1 Ne3 42. Qf2 Qf5 43. Re1 Qxh3+
44. Kg1 Qe6 45. c6 bxc6 46. bxc6 Qxc6 47. Rxe3 Qc5 48. Kg2 Bxe3 49. Qb2 Bd4
50. Qb3 Qe5 51. Qc4 Qe3 52. Qd5 h5 0-1

[Event "World Blitz 2023"]
[Site "Samarkand UZB"]
[Date "2023.12.29"]
[EventDate "2023.12.29"]
[Round "11.58"]
[Result "0-1"]
[White "Murtas Kazhgaleyev"]
[Black "Bakhrom Bakhrillaev"]
[WhiteElo "2488"]
[BlackElo "1994"]
[PlyCount "84"]

1. g3 Nf6 2. Bg2 g6 3. e4 d6 4. d4 Bg7 5. Nc3 O-O 6. Nge2 Nc6 7. h3 e5 8.
Be3 exd4 9. Nxd4 Re8 10. O-O Bd7 11. Nde2 a6 12. a4 Ne5 13. b3 Bc6 14. Nd4
Bd7 15. Qd2 c5 16. Nde2 Bxh3 17. Rad1 Bxg2 18. Kxg2 b5 19. axb5 axb5 20.
Qxd6 Qxd6 21. Rxd6 b4 22. Na4 Nxe4 23. Rd5 c4 24. Rc1 Ng4 25. Nb6 Ra2 26.
Nxc4 Nexf2 27. Bc5 Ne4 28. Bxb4 h5 29. Nf4 Nef6 30. Rd3 g5 31. Nd6 Re3 32.
Bc5 gxf4 33. Bxe3 Nxe3+ 34. Kf3 Nxc2 35. Nf5 fxg3 36. Nxg3 Ng4 37. Rd8+ Kh7
38. Nxh5 Ne5+ 39. Ke4 Nb4 40. Nf4 Rf2 41. Rh1+ Bh6 42. Kxe5 0-1

[Event "World Blitz 2023"]
[Site "Samarkand UZB"]
[Date "2023.12.29"]
[EventDate "2023.12.29"]
[Round "11.59"]
[Result "1/2-1/2"]
[White "Felix Xie"]
[Black "Andrew Hong"]
[WhiteElo "2107"]
[BlackElo "2460"]
[PlyCount "146"]

1. Nf3 d5 2. b3 Bg4 3. Bb2 Bxf3 4. exf3 e6 5. g3 Nf6 6. Bg2 g6 7. O-O Bg7
8. d3 O-O 9. Nd2 c5 10. f4 Nc6 11. Nf3 Nd7 12. Bxg7 Kxg7 13. c4 Qf6 14. Re1
Rad8 15. Qe2 Nb6 16. Ne5 Nd4 17. Qb2 h5 18. h4 Rfe8 19. Kh1 Nc8 20. b4 b6
21. bxc5 bxc5 22. Qc3 Ne7 23. Rab1 Nef5 24. Rb7 Re7 25. Rxe7 Nxe7 26. Qa5
Nef5 27. Qxc5 dxc4 28. Nxc4 Nc2 29. Rd1 Qc3 30. Qe5+ Qxe5 31. fxe5 Nb4 32.
Be4 Nd4 33. Rb1 Na6 34. Nd6 Nc5 35. Rc1 Nxe4 36. dxe4 Rd7 37. Rc4 Nf3 38.
Rc5 Nxe5 39. Rxe5 Rxd6 40. Ra5 a6 41. Kg2 Kf8 42. Kf3 Ke7 43. Ke3 Kd7 44.
Ra3 Kc7 45. Kf4 f6 46. Ke3 Rd1 47. Rxa6 Kd7 48. Ra7+ Kd6 49. Ra6+ Ke7 50.
a4 Re1+ 51. Kd3 Rd1+ 52. Ke2 Ra1 53. a5 g5 54. Ra7+ Kd6 55. a6 gxh4 56.
gxh4 Ke5 57. f3 Kf4 58. Rf7 Rxa6 59. Rxf6+ Kg3 60. f4 Kxh4 61. Kf3 Ra3+ 62.
Kg2 Ra6 63. Kf3 Ra3+ 64. Kg2 Ra2+ 65. Kf3 Ra6 66. f5 Ra3+ 67. Kf4 exf5 68.
Rxf5 Ra1 69. e5 Ra4+ 70. Kf3 Ra3+ 71. Kf4 Ra4+ 72. Kf3 Ra5 73. Kf4 Ra4+
1/2-1/2

[Event "World Blitz 2023"]
[Site "Samarkand UZB"]
[Date "2023.12.29"]
[EventDate "2023.12.29"]
[Round "11.60"]
[Result "1-0"]
[White "Matvey Galchenko"]
[Black "Nikolay Averin"]
[WhiteElo "2424"]
[BlackElo "2283"]
[PlyCount "64"]

1. e4 Nf6 2. e5 Nd5 3. d4 d6 4. Nf3 g6 5. Bc4 Nb6 6. Bb3 Bg7 7. Ng5 d5 8.
h3 h6 9. Nf3 e6 10. Be3 Bd7 11. a4 a5 12. Nbd2 Na6 13. O-O O-O 14. Re1 Rc8
15. c4 dxc4 16. Nxc4 Nxc4 17. Bxc4 Nb4 18. Nd2 Bc6 19. Rc1 Qd7 20. b3 Rfd8
21. Qg4 Nd5 22. Ne4 Nxe3 23. fxe3 Bxe4 24. Qxe4 c5 25. Rcd1 Qc7 26. h4 h5
27. g4 hxg4 28. Qxg4 cxd4 29. exd4 Qb6 30. Kf1 Rc7 31. d5 exd5 32. Bxd5 1-0